| 000 | 00908cam a22002775a 4500 | ||
|---|---|---|---|
| 001 | 007471820 | ||
| 005 | 20201128024352.0 | ||
| 008 | 031027s2003 enka frb 001 0 eng d | ||
| 020 | _a1861529627 | ||
| 020 | _a9781861529626 | ||
| 040 |
_aStDuBDS _dUk _dEG-ScBUE _beng |
||
| 082 | 0 | 4 |
_222 _a658.4012 _bANA |
| 100 | 1 | _aAnaloui, Farhad. | |
| 245 | 1 | 0 |
_aStrategic management in small and medium enterprises / _cFarhad Analoui and Azhdar Karami. |
| 250 | _a1st ed. | ||
| 260 |
_a[Canberra] : _bThomson Learning, _c2003. |
||
| 300 |
_axiv, 305 p. ; _c25 cm. |
||
| 504 | _aIncludes bibliographical references and indexes. | ||
| 650 | 7 |
_aStrategic planning. _2BUEsh _91643 |
|
| 650 | 7 |
_aSmall business _xManagement. _2BUEsh _9238 |
|
| 650 | 7 |
_aBusiness planning. _2BUEsh _93321 |
|
| 653 |
_bBUSADM _cJune2018 |
||
| 690 | 7 |
_aManagement and Business Studies _2blcoll |
|
| 700 | 1 | _aKarami, Azhdar. | |
| 942 | _2ddc | ||
| 999 |
_c26796 _d26768 |
||